Computer Fundamentals :Architechure & Organization (Record no. 1154)

MARC details
000 -LEADER
fixed length control field 00462nam a22001697a 4500
005 - DATE AND TIME OF LATEST TRANSACTION
control field 20180131145559.0
008 - FIXED-LENGTH DATA ELEMENTS--GENERAL INFORMATION
fixed length control field 160520b xxu||||| |||| 00| 0 eng d
020 ## - INTERNATIONAL STANDARD BOOK NUMBER
ISBN 978-81-224-2043-2
041 ## - LANGUAGE CODE
Language code of text/sound track or separate title eng
082 ## - DEWEY DECIMAL CLASSIFICATION NUMBER
Item number 3362
Classification number 004
100 ## - MAIN ENTRY--AUTHOR NAME
Personal name Ram, B
245 ## - TITLE STATEMENT
Title Computer Fundamentals :Architechure & Organization
260 ## - PUBLICATION, DISTRIBUTION, ETC. (IMPRINT)
Place of publication New Delhi
Name of publisher New Age Internation (P) Ltd Pub.
Year of publication 1996
300 ## - PHYSICAL DESCRIPTION
Number of Pages 11.12
650 ## - SUBJECT ADDED ENTRY--TOPICAL TERM
Topical Term Information Technology
942 ## - ADDED ENTRY ELEMENTS (KOHA)
Koha item type Books
Holdings
Lost status Damaged status Collection code Home library Current library Shelving location Date acquired Source of acquisition Cost, normal purchase price Full call number Accession Number Koha item type
    CS/IT JRU Library JRU Library SHELF-48-D 20/05/2016 PURCHASE 250.00 004 3362 Books
    CS/IT JRU Library JRU Library SHELF-48-C 20/05/2016 PURCHASE 250.00 004.22 3363 Books
    CS/IT JRU Library JRU Library SHELF-48-C 20/05/2016 PURCHASE 250.00 004.22 3364 Books
    CS/IT JRU Library JRU Library SHELF-48-C 20/05/2016 PURCHASE 250.00 004.22 3365 Books